Sports Quiz

Random Sports or Soccer Quiz

Les français en Premier League 2019/2020 Quiz Stats

 Plays Quiz not verified by Sporcle

Support Sporcle.
Go Orange.
Score 0/31 Timer 15:00
0 Plays Today
Poste Joueur % Correct
MilieuN'Golo Kanté
90.3%
AttaquantOlivier Giroud
89.7%
MilieuPaul Pogba
88.4%
GardienHugo Lloris
88.2%
AttaquantAlexandre Lacazette
86.1%
AttaquantAnthony Martial
85.5%
DéfenseurKurt Zouma
85.3%
MilieuMoussa Sissoko
82.4%
DéfenseurAymeric Laporte
82%
DéfenseurLucas Digne
76.1%
DéfenseurBenjamin Mendy
72.2%
MilieuNampalys Mendy
72.2%
MilieuTanguy Ndombele
67.3%
MilieuMattéo Guendouzi
65.7%
MilieuMorgan Schneiderlin
60.8%
Défenseur,MilieuMamadou Sakho
58%
Poste Joueur % Correct
AttaquantSébastien Haller
48.6%
DéfenseurDjibril Sidibé
47.1%
Milieu,AttaquantAllan Saint-Maximin
45.8%
MilieuÉtienne Capoue
42.9%
MilieuAbdoulaye Doucouré
41.6%
AttaquantNeal Maupay
40.3%
DéfenseurIssa Diop
30.4%
DéfenseurFlorian Lejeune
23.7%
AttaquantLys Mousset
22.2%
DéfenseurWilly Boly
19.2%
AttaquantGeorges-Kévin N'Koudou
17%
DéfenseurYan Valery
15.4%
DéfenseurFrederic Guilbert
13.7%
Défenseur,MilieuIbrahim Amadou
4.3%
Milieu,DéfenseurDimitri Foulquier
3%

You're not logged in!

Compare scores with friends on all Sporcle quizzes.
OR
Log In

From the Vault

Books Missing 'N' Words

by kfastic

It'd be pretty challenging to write an entire book without starting a single word with the letter 'N' in it.
Remove Ads.
Support Sporcle.
Get the best of Sporcle when you Go Orange. This ad-free experience offers more features, more stats, and more fun while also helping to support Sporcle. Thank you for becoming a member.

Show Comments

Extras

Created May 22, 2020ReportNominate
Tags:Soccer Quiz, 2019, 2020, club, les, poste, Premier, Qui

Top Quizzes Today


Score Distribution

Your Account Isn't Verified!

In order to create a playlist on Sporcle, you need to verify the email address you used during registration. Go to your Sporcle Settings to finish the process.

Report this User

Report this user for behavior that violates our Community Guidelines.

Details: